00246nam a2200097Ia 4500008004000000082001300040100000600053245004500059260003600104300000800140210210b1975 xxu||||| |||| 00| 0 eng d a082 RIPL a- aRipley's believe it or not ! 8th series. aNew York.bPocket Books.,c1975 a192